Microwave nanosecond-pulse-shaping device with laser-triggered switch discharge; Instruments and Experimental Techniques; Vol. 40, № 1

Podrobná bibliografie
Parent link:Instruments and Experimental Techniques
Vol. 40, № 1.— 1997.— P. 89-90
Hlavní autor: Arteev M. S. Mikhail Sidorovich
Další autoři: Yushkov Y. G. Yuri Georgievich
Shrnutí:Microwave pulses with a duration of 5 ns, amplitude instability below 2%, and a peak power ranging from 5 to 15 MW are obtained. The time jitter between the triggering laser pulses and shaped microwave pulses is within 0.6 ns
В фонде НТБ ТПУ отсутствует
Jazyk:angličtina
Vydáno: 1997
Témata:
Médium: MixedMaterials Kapitola
KOHA link:https://koha.lib.tpu.ru/cgi-bin/koha/opac-detail.pl?biblionumber=595826

MARC

LEADER 00000naa0a2200000 4500
001 595826
005 20250317112515.0
035 |a (RuTPU)RU\TPU\tpu\17634 
035 |a RU\TPU\tpu\17598 
090 |a 595826 
100 |a 20100615d1997 k||y0rusy50 ba 
101 0 |a eng 
102 |a RU 
200 1 |a Microwave nanosecond-pulse-shaping device with laser-triggered switch discharge  |f M. S. Arteev, Y. G. Yushkov 
330 |a Microwave pulses with a duration of 5 ns, amplitude instability below 2%, and a peak power ranging from 5 to 15 MW are obtained. The time jitter between the triggering laser pulses and shaped microwave pulses is within 0.6 ns 
333 |a В фонде НТБ ТПУ отсутствует 
461 |t Instruments and Experimental Techniques 
463 |t Vol. 40, № 1  |v P. 89-90  |d 1997 
610 1 |a труды учёных ТПУ 
700 1 |a Arteev  |b M. S.  |c radiophysist  |c Leading engineer of Tomsk Polytechnic University  |f 1950-  |g Mikhail Sidorovich  |3 (RuTPU)RU\TPU\pers\32427 
701 1 |a Yushkov  |b Y. G.  |c Russian scientist  |c Professor of Tomsk Polytechnic University  |f 1937-  |g Yuri Georgievich  |3 (RuTPU)RU\TPU\pers\25936  |4 070 
801 0 |a RU  |b 63413507  |c 20011210  |g PSBO 
801 2 |a RU  |b 63413507  |c 20141003  |g PSBO 
942 |c CR